Ứng dụng machine learning để phân tích luồng dữ liệu không tin cậy trong lĩnh vực an toàn thông tin : Luận văn thạc sĩ - Chuyên ngành: Khoa học máy tính

Wedi'i Gadw mewn:
Manylion Llyfryddiaeth
Prif Awduron:  Phạm, Tấn Phong,  Ứng dụng machine learning để phân tích luồng dữ liệu không tin cậy trong lĩnh vực an toàn thông tin : Luận văn thạc sĩ - Chuyên ngành: Khoa học máy tính
Fformat: Luận văn
Iaith:Undetermined
Cyhoeddwyd:  Đại học Công nghiệp TP. Hồ Chí Minh  2024
Pynciau:
Tagiau: Ychwanegu Tag
Dim Tagiau, Byddwch y cyntaf i dagio'r cofnod hwn!
Thư viện lưu trữ: Trung tâm Thư viện - Trường Đại học Công nghiệp TP. Hồ Chí Minh
LEADER 00937nam a2200157Ia 4500
001 UIH_08566
008 241002s9999 xx 000 0 und d
082 |a  006.3 
100 |a  Phạm, Tấn Phong 
100 |a  Ứng dụng machine learning để phân tích luồng dữ liệu không tin cậy trong lĩnh vực an toàn thông tin : Luận văn thạc sĩ - Chuyên ngành: Khoa học máy tính 
245 0 |a  Ứng dụng machine learning để phân tích luồng dữ liệu không tin cậy trong lĩnh vực an toàn thông tin : Luận văn thạc sĩ - Chuyên ngành: Khoa học máy tính 
260 |b  Đại học Công nghiệp TP. Hồ Chí Minh 
260 |c  2024 
650 |a Khoa học máy tính; Trí tuệ nhân tạo 
927 |a Luận văn 
980 |a Trung tâm Thư viện - Trường Đại học Công nghiệp TP. Hồ Chí Minh